00851nam a2200277Ia 4500001000600000003000500006008004100011010001100052040000900063082001500072100002800087245009800115260003800213300001100251440005600262500000500318503000500323650008500328901001500413902000600428910000900434942000600443942000700449999001900456952009800475Z_181CHAP220113s1978 xx 000 0 und d a163153 cCHAP a658.07 M84 aMurcia, Héctor979729 aAdministración de empresas asociativas de producción agropecuaria /cpor Héctor Murcia aSan José, C. R. :bIICA,c1978 a242 p. aSerie de libros y materiales educativos; 369137397 a a aAdministración rural I. Instituto Interamericano de Ciencias de la OEA9137398 a658.07 M84 aA a1978 c1 cc1 c163153d163153 00102ddc40708GRALaZbZc3d2005-11-09pz_0676r2022-01-18 00:00:00t1w2022-01-18yLIBRO